00000000nas##2200000za#4500
0019.508440
003CaOODSP
00520211126112842
007ta
008150406c1994||||xxc|| p #||||f|   |0eng|d
022 |a0005-5158
040 |aCaOODSP|beng
041 |aeng
041 |afre
043 |an-cn---
0861 |aFB12-4
1102 |aBank of Canada.
24510|aWeekly financial statistics
260 |aOttawa - Ontario : |bBank of Canada |c[19--?]-- December 28, 2007.
310 |aWeekly
500 |aLibrary subscription: $45 (Canada); $55 (United States); $85 (Other countries).
500 |aContinues in PDF version only, from January 4, 2008. Data in this package are unadjusted unless otherwise stated.
5203 |aThis is a weekly compendium of data tables on the assets and liabilities of Canada’s central bank. It provides financial market statistics, cites exchange rates, and lists Bank of Canada buy-back transactions, as well as Government of Canada securities and corporate short-term paper outstanding. Includes interest rates for treasury bills, commercial paper, and 10-year government bonds, as well changes in the monetary conditions index and consumer price index.
563 |aProcessed
69007|aBanking|2gcpds
69007|aEconomic statistics|2gcpds
69007|aStock markets|2gcpds
7760#|tWeekly financial statistics |w(CaOODSP)9.500100
792 |tBulletin hebdomadaire de statistiques financières |efre|w(CaOODSP)9.508441